000 01280nam a2200229 a 4500
001 21392
003 CO-ViMGA
008 141112s2004 ck r 000 u spa d
020 _a842053785X
040 _aCO-ViMGA
_bspa
_cCO-ViMGA
082 0 4 _a155.333 B171p
100 1 _aBarberá Heredia, Ester; Martínez Benlloch, Isabel
_930545
245 1 0 _aPsicología y genero
260 _aMadrid; Pearson educación,
_c2004
300 _a399
505 _aRelaciones entre los sexos y de genero en psicología Semejanzas y diferencias entre mujeres y varones 13 - - Perspectiva evolutiva : Identidades y desarrollos de comportamientos según el genero Hitos signifiativos en su desarrollo 40 - - Ámbitos actuales en estudios psicológicos de genero Una perspectiva de genero sobre conflictos y violencia 121 - - Genero, trabajo y poder segregación laboral de genero 195 - - Actitudes sexistas y nuevas formas de sexismo El sexismo como ideología de genero 272
590 _aForma de adquisición : Compra fact. 0866 - - Precio : 51400 - - Proveedor : Temas y libros - - Fecha de adquisición : Mayo 2007
650 1 4 _aPSICOLOGIA DE LA MUJER
_912476
650 1 4 _aPSICOLOGIA DEL HOMBRE
_930546
650 1 4 _aTRABAJO DE LA MUJER - ASPECTOS PSICOLOGICOS
_930547
942 _2ddc
_cBK
999 _c30008
_d30008